000 01725nam a2200397 a 4500
001 000003880
003 DO-SdBNP
005 20251124091422.0
007 ta
008 090714s2008 dr a r 001 0 spa d
020 _a9993444014
040 _aDO-SdBNP
_bspa
_cBNPHU
082 4 _a347.7293
_bR426c, 2008
_222
110 1 _aRepública Dominicana.
_9447
_b[Leyes, etc.]
240 1 0 _aCódigo Civil
245 1 0 _aCódigo civil de la República Dominicana, legislación complementaria :
_bactualizado con la Ley 189-01 que mod. 11 arts. y deroga 28 arts. y revisada y actualizada la Ley 659 y legislaciones modificadas con leyes 183-02 y 108-05 ; Constitución 2002 ; Código de ética del abogado /
_cJuan Pablo Acosta, Trajano Vidal Potentini.
246 1 0 _aCódigo civil y legislación complementaria
250 _a16ª ed.
260 _aMoca, República Dominicana :
_bDalis,
_c2008.
300 _a419 p. :
_bil. ;
_c25 cm.
500 _aIncluye referencias bibliográficas y notas al pie de las páginas.
590 _aInventariado, 2022 / DG
650 4 _aDerecho civil
_xLegislación
_zRepública Dominicana
_96943
650 4 _aProcedimiento civil
_xLegislación
_zRepública Dominicana
_911714
650 4 _aLeyes
_zRepública Dominicana
_93033
650 0 _aÉtica legal
_96420
650 4 _aÉtica profesional
_xLegislación
_911715
650 4 _aAbogados
_xResponsabilidad profesional
_9841
651 4 _aRepública Dominicana
_xConstitución (2002)
_910514
700 1 _aAcosta, Juan Pablo
_911716
700 1 _aPotentini Adames, Trajano Vidal‏
_973577
740 1 2 _aConstitución (2002)
740 1 2 _aCódigo de ética del abogado
910 _aValidado. Control de calidad. EMS.
942 _2ddc
_cLBS1
999 _c3702
_d3702